Student world. (Record no. 44728)

MARC details
000 -LEADER
fixed length control field 01236cas a2200385 a 4500
001 - CONTROL NUMBER
control field 14972703
003 - CONTROL NUMBER IDENTIFIER
control field OSt
005 - DATE AND TIME OF LATEST TRANSACTION
control field 20150616105115.0
008 - FIXED-LENGTH DATA ELEMENTS--GENERAL INFORMATION
fixed length control field 070820c20039999sz fx p 0 0eng c
010 ## - LIBRARY OF CONGRESS CONTROL NUMBER
LC control number 2007235339
022 ## - INTERNATIONAL STANDARD SERIAL NUMBER
International Standard Serial Number 1560-4861
Source 0
035 ## - SYSTEM CONTROL NUMBER
System control number (OCoLC)ocn160118861
040 ## - CATALOGING SOURCE
Original cataloging agency MH
Language of cataloging eng
Transcribing agency MH
Modifying agency DLC
-- NNC
-- OCoLC
041 0# - LANGUAGE CODE
Language code of text/sound track or separate title eng
-- fre
-- spa
042 ## - AUTHENTICATION CODE
Authentication code pcc
050 00 - LIBRARY OF CONGRESS CALL NUMBER
Classification number BV970.W8
Item number A5
130 0# - MAIN ENTRY--UNIFORM TITLE
Uniform title Student world (Geneva, Switzerland : 2003)
210 1# - ABBREVIATED TITLE
Abbreviated title Stud. world
222 #4 - KEY TITLE
Key title The Student world
245 10 - TITLE STATEMENT
Title Student world.
260 ## - PUBLICATION, DISTRIBUTION, ETC. (IMPRINT)
Place of publication, distribution, etc Geneva :
Name of publisher, distributor, etc World Student Christian Federation,
Date of publication, distribution, etc 2003-
300 ## - PHYSICAL DESCRIPTION
Extent v. :
Other physical details ill. ;
Dimensions 23 cm.
310 ## - CURRENT PUBLICATION FREQUENCY
Current publication frequency Two issues a year
362 0# - DATES OF PUBLICATION AND/OR SEQUENTIAL DESIGNATION
Dates of publication and/or sequential designation Vol. 63, no. 1 (2003)-
500 ## - GENERAL NOTE
General note Issues for <2006/1-> have distinctive titles.
515 ## - NUMBERING PECULIARITIES NOTE
Numbering peculiarities note Issues also called: No. 247-
546 ## - LANGUAGE NOTE
Language note Text in English, French and Spanish, <2006/1->
650 #0 - SUBJECT ADDED ENTRY--TOPICAL TERM
Topical term or geographic name as entry element Students
Form subdivision Periodicals.
710 2# - ADDED ENTRY--CORPORATE NAME
Corporate name or jurisdiction name as entry element World Student Christian Federation.
780 00 - PRECEDING ENTRY
Title WSCF books
Record control number (OCoLC)1725390
906 ## - LOCAL DATA ELEMENT F, LDF (RLIN)
a 7
b cbc
c serials
d 3
e ncip
f 20
g n-oclcserc
942 ## - ADDED ENTRY ELEMENTS (KOHA)
Source of classification or shelving scheme Library of Congress Classification
Koha item type Serials
Holdings
Withdrawn status Lost status Source of classification or shelving scheme Damaged status Not for loan Home library Current library Date acquired Total Checkouts Full call number Barcode Date last seen Price effective from Koha item type
    Library of Congress Classification     Bishop Okullu Memorial Library (Limuru Campus) Bishop Okullu Memorial Library (Limuru Campus) 16/06/2015   BV970.W8 A5 SER0052 16/06/2015 16/06/2015 Serials